| 000 | 00756cam a2200241 4500 | ||
|---|---|---|---|
| 001 | ABS63287 | ||
| 008 | 000000n2000 000 0 eng u | ||
| 035 | _a(Sirsi) u110196 | ||
| 245 | _aRegional survey: London Boroughs South | ||
| 260 | _c2000 | ||
| 490 |
_aProperty Week _v65(48) 8 December 2000, 47-58(6) |
||
| 590 | _aABS | ||
| 650 | _aSOUTH LONDON | ||
| 650 | _aCROYDON | ||
| 650 | _aBROMLEY | ||
| 650 | _aCRYSTAL PALACE | ||
| 650 | _aRESIDENTIAL MARKET | ||
| 650 | _aINDUSTRIAL MARKET | ||
| 650 | _aPROPERTY-COMMERCIAL PROPERTY-RETAIL PROPERTY-RETAIL PROPERTY MARKET | ||
| 650 | _aPROPERTY-COMMERCIAL PROPERTY-OFFICE PROPERTY-OFFICE PROPERTY MARKET | ||
| 690 | _aPROPERTY-COMMERCIAL PROPERTY-COMMERCIAL PROPERTY MARKET | ||
| 942 | _n0 | ||
| 999 |
_c65717 _d65717 |
||